000
00322nam a22001337a 4500
008
170923b xxu||||| |||| 00| 0 eng d
020
_a
9780891950905
041
_a
eng
080
_a
37
100
_a
46
101
_a
EDU
245
_a
LESSONS FROM 21 HIGH-PERFORMING HIGH-POVERTY SCHOOLS
_c
CARTER, S.C
942
_2
udc
_c
BK
999
_c
29307
_d
29307